[Event "Reykjavik op"]
[Site "Reykjavik"]
[Date "2015.03.17"]
[Round "9"]
[White "Johansen, Arnt Ole"]
[Black "Edvardsen, Oystein"]
[Result "1-0"]
[WhiteElo "1819"]
[BlackElo "1662"]
[PlyCount "65"]
[EventDate "2015.03.10"]
[EventType "swiss"]
[EventRounds "10"]
[EventCountry "ISL"]
[SourceTitle "CBM 165 Extra"]
[Source "ChessBase"]
[SourceDate "2015.04.21"]
[SourceVersion "1"]
[SourceVersionDate "2015.04.21"]
[SourceQuality "1"]

1. c4 f5 2. g3 Nf6 3. Bg2 g6 4. Nc3 Bg7 5. d3 0-0 6. e4 d6 7. Nge2 e5 8. 0-0 h6 9. exf5 gxf5 10. f4 c6 11. Kh1 Nbd7 12. b3 Qe8 13. Ba3 c5 14. Qd2 e4 15. dxe4 Nxe4 16. Nxe4 fxe4 17. Rad1 Nf6 18. Bb2 e3 19. Qxd6 Ng4 20. Bd5+ Kh7 21. Bxg7 Qh5 22. h4 Kxg7 23. Qe7+ Rf7 24. Bxf7 Qxf7 25. Qxc5 Nf2+ 26. Rxf2 exf2 27. Qxf2 Bg4 28. Re1 Rd8 29. Nc3 Rd3 30. Re3 Qd7 31. Nd5 Rd1+ 32. Kh2 Qc6 33. Qb2+ 1-0

[Event "Reykjavik op"]
[Site "Reykjavik"]
[Date "2015.03.11"]
[Round "3"]
[White "Miller, David"]
[Black "Johansen, Arnt Ole"]
[Result "1/2-1/2"]
[WhiteElo "2066"]
[BlackElo "1819"]
[PlyCount "103"]
[EventDate "2015.03.10"]
[EventType "swiss"]
[EventRounds "10"]
[EventCountry "ISL"]
[SourceTitle "CBM 165 Extra"]
[Source "ChessBase"]
[SourceDate "2015.04.21"]
[SourceVersion "1"]
[SourceVersionDate "2015.04.21"]
[SourceQuality "1"]

1. e4 c6 2. Nc3 d5 3. Nf3 Bg4 4. h3 Bh5 5. exd5 cxd5 6. Bb5+ Nc6 7. g4 Bg6 8. Ne5 Qc7 9. d4 e6 10. Qe2 Nge7 11. Bf4 Qb6 12. 0-0-0 0-0-0 13. Qe3 a6 14. Bxc6 Nxc6 15. Na4 Qb5 16. Nxc6 Qxc6 17. Qc3 Bd6 18. Qxc6+ bxc6 19. Bxd6 Rxd6 20. Nc5 a5 21. Rhe1 Kc7 22. Re3 Rdd8 23. Rb3 Ra8 24. Rb7+ Kc8 25. Re1 a4 26. Re3 Ra5 27. Rb4 h5 28. Nxa4 hxg4 29. Reb3 Rb5 30. hxg4 Rxb4 31. Rxb4 Rh1+ 32. Kd2 Rf1 33. Ke2 Rg1 34. c3 Rxg4 35. Nc5 Rg1 36. a4 Ra1 37. Nb3 Rb1 38. Na5 Kc7 39. Rb7+ Kc8 40. Rb6 Bc2 41. b3 Kd7 42. Kd2 Bd1 43. Nb7 Kc7 44. Rb4 Bxb3 45. Nc5 Ba2 46. a5 Rxb4 47. cxb4 Bc4 48. Ke3 Ba2 49. Kf4 Bb1 50. Ke5 Bf5 51. Kf4 f6 52. Na6+ 1/2-1/2

[Event "Reykjavik op"]
[Site "Reykjavik"]
[Date "2014.03.11"]
[Round "9"]
[White "Hackner, Oskar A"]
[Black "Johansen, Arnt Ole"]
[Result "1-0"]
[WhiteElo "2105"]
[BlackElo "1829"]
[PlyCount "95"]
[EventDate "2014.03.04"]
[EventType "swiss"]
[EventRounds "10"]
[EventCountry "ISL"]
[SourceTitle "CBM 159 Extra"]
[Source "ChessBase"]
[SourceDate "2014.04.24"]
[SourceVersion "1"]
[SourceVersionDate "2014.04.24"]
[SourceQuality "1"]

1. d4 d5 2. c4 c6 3. Nc3 Nf6 4. e3 Bf5 5. cxd5 cxd5 6. Qb3 Nc6 7. Qxb7 Bd7 8. Qb3 Rb8 9. Qd1 e5 10. Nf3 Bd6 11. dxe5 Nxe5 12. Be2 Qc7 13. Nd4 0-0 14. 0-0 Nc4 15. Bxc4 dxc4 16. h3 Qc5 17. e4 Rfe8 18. Re1 Qc7 19. Qc2 Qb7 20. Qe2 Bb4 21. f3 Rbc8 22. Be3 Bd6 23. Red1 Nh5 24. Qd2 Bb8 25. Nde2 Bc6 26. Bd4 Qc7 27. Qg5 g6 28. Kf2 a6 29. Rac1 Ba7 30. Qe3 Bb8 31. Qg5 Ba7 32. Bxa7 Qxa7+ 33. Kf1 Qb8 34. Rc2 Ng7 35. Nd4 Ba8 36. Rcd2 Re5 37. Qf4 Nh5 38. Qh4 Rce8 39. Nde2 f5 40. Rd8 Qc7 41. exf5 Bc6 42. Qxc4+ Kh8 43. Rxe8+ Rxe8 44. Qd4+ Kg8 45. fxg6 Qh2 46. Qc4+ Kg7 47. Qxc6 Rf8 48. Rd7+ 1-0

[Event "Reykjavik op"]
[Site "Reykjavik"]
[Date "2014.03.05"]
[Round "3"]
[White "Johansen, Arnt Ole"]
[Black "Birkisson, Bardur Orn"]
[Result "1-0"]
[WhiteElo "1829"]
[BlackElo "1475"]
[PlyCount "49"]
[EventDate "2014.03.04"]
[EventType "swiss"]
[EventRounds "10"]
[EventCountry "ISL"]
[SourceTitle "CBM 159 Extra"]
[Source "ChessBase"]
[SourceDate "2014.04.24"]
[SourceVersion "1"]
[SourceVersionDate "2014.04.24"]
[SourceQuality "1"]

1. Nf3 d5 2. d4 Nf6 3. c4 e6 4. Nc3 c5 5. cxd5 Nxd5 6. e4 Nc7 7. Be3 cxd4 8. Nxd4 Bc5 9. Be2 0-0 10. 0-0 b6 11. a3 Bb7 12. b4 Be7 13. Qb3 Bg5 14. f4 Bh6 15. Rad1 Qe7 16. g3 e5 17. Nf5 Qf6 18. Rd6 Ne6 19. Nd5 Bxd5 20. Qxd5 Nc6 21. Qxc6 Rac8 22. Qd5 Kh8 23. Nxh6 Qxh6 24. Qxe5 Rc2 25. Rf2 1-0

[Event "Reykjavik op"]
[Site "Reykjavik"]
[Date "2013.02.25"]
[Round "8"]
[White "Johansen, Arnt Ole"]
[Black "Rodriguez Fonseca, Jorge"]
[Result "0-1"]
[WhiteElo "1817"]
[BlackElo "2009"]
[PlyCount "62"]
[EventDate "2013.02.19"]
[EventType "swiss"]
[EventRounds "10"]
[EventCountry "ISL"]
[SourceTitle "CBM 153 Extra"]
[Source "ChessBase"]
[SourceDate "2013.04.22"]
[SourceVersion "1"]
[SourceVersionDate "2013.04.22"]
[SourceQuality "1"]

1. d4 g6 2. c4 Bg7 3. e4 d6 4. Nc3 Nf6 5. g3 0-0 6. Nf3 Nbd7 7. Bg2 e5 8. 0-0 h6 9. h3 a6 10. d5 a5 11. Be3 b6 12. Qc2 Nh5 13. Qd2 Kh7 14. Ne2 f5 15. Ne1 Qf6 16. Nd3 Nc5 17. Nxc5 bxc5 18. f3 f4 19. gxf4 exf4 20. Bf2 Qxb2 21. Qxb2 Bxb2 22. Rab1 Be5 23. Rfc1 Ba6 24. Be1 Rfb8 25. Rxb8 Rxb8 26. Bxa5 Rb2 27. Bf1 Ng3 28. Nxg3 Bd4+ 29. Kh1 fxg3 30. Bg2 Bc8 31. Bxc7 Bxh3 0-1

[Event "Reykjavik op"]
[Site "Reykjavik"]
[Date "2013.02.23"]
[Round "6"]
[White "Einarsson, Oskar Long"]
[Black "Johansen, Arnt Ole"]
[Result "0-1"]
[WhiteElo "1613"]
[BlackElo "1817"]
[PlyCount "96"]
[EventDate "2013.02.19"]
[EventType "swiss"]
[EventRounds "10"]
[EventCountry "ISL"]
[SourceTitle "CBM 153 Extra"]
[Source "ChessBase"]
[SourceDate "2013.04.22"]
[SourceVersion "1"]
[SourceVersionDate "2013.04.22"]
[SourceQuality "1"]

1. e4 c6 2. d4 d5 3. e5 Bf5 4. Nf3 e6 5. Be2 Nd7 6. 0-0 Bg6 7. Be3 Nh6 8. Bg5 f6 9. exf6 gxf6 10. Bf4 Bg7 11. Re1 0-0 12. c4 Re8 13. Nh4 Nf7 14. Nxg6 hxg6 15. Nd2 g5 16. Bg3 f5 17. h3 Bxd4 18. Qc2 Qf6 19. Rab1 f4 20. Bh2 Nd6 21. Nf3 Bb6 22. b3 Ne4 23. Rf1 Nc3 24. Rbe1 Nxe2+ 25. Rxe2 e5 26. b4 e4 27. Nd2 Ne5 28. c5 Bc7 29. Qb3 Kg7 30. b5 Rab8 31. Qa4 cxb5 32. Qxb5 Qc6 33. Qb4 Nd3 34. Qa3 Qxc5 35. Qxc5 Nxc5 36. Rc1 b6 37. Nb3 Be5 38. Nxc5 bxc5 39. g3 f3 40. Rd2 d4 41. g4 Bxh2+ 42. Kxh2 Re5 43. Kg3 Kf6 44. Rc4 Ke6 45. Ra4 Rb7 46. h4 gxh4+ 47. Kxh4 e3 48. fxe3 dxe3 0-1

[Event "Reykjavik op"]
[Site "Reykjavik"]
[Date "2013.02.19"]
[Round "1"]
[White "Johansen, Arnt Ole"]
[Black "Arngrimsson, Dagur"]
[Result "0-1"]
[WhiteElo "1817"]
[BlackElo "2375"]
[PlyCount "79"]
[EventDate "2013.02.19"]
[EventType "swiss"]
[EventRounds "10"]
[EventCountry "ISL"]
[SourceTitle "CBM 153 Extra"]
[Source "ChessBase"]
[SourceDate "2013.04.22"]
[SourceVersion "1"]
[SourceVersionDate "2013.04.22"]
[SourceQuality "1"]

1. d4 d5 2. c4 c6 3. Nf3 Nf6 4. Nc3 dxc4 5. a4 Bf5 6. e3 e6 7. Bxc4 Bb4 8. 0-0 0-0 9. Qe2 Ne4 10. Nxe4 Bxe4 11. Rd1 Nd7 12. Bd2 Bd6 13. Bc3 Qc7 14. h3 Rae8 15. Bd3 Nf6 16. Bxe4 Nxe4 17. Qd3 f5 18. Nd2 Nf6 19. Rab1 g5 20. e4 fxe4 21. Nxe4 Bh2+ 22. Kh1 Nxe4 23. Qxe4 Rxf2 24. Rf1 Rxf1+ 25. Rxf1 Bf4 26. h4 Qg7 27. h5 Qf7 28. g4 Qd7 29. Re1 e5 30. dxe5 Qxg4 31. Qc4+ Re6 32. Qe2 Qxe2 33. Rxe2 Kg7 34. Kg2 Kh6 35. Kf3 Kxh5 36. Ke4 Kg6 37. b4 h5 38. b5 h4 39. Bd4 h3 40. Bxa7 0-1

[Event "Kongsberg-ch"]
[Site "Kongsberg"]
[Date "2012.09.25"]
[Round "1"]
[White "Johansen, Arnt Ole"]
[Black "Edvardsen, Magnus"]
[Result "1/2-1/2"]
[WhiteElo "1845"]
[BlackElo "1630"]
[PlyCount "69"]
[EventDate "2012.09.11"]
[EventType "tourn"]
[EventRounds "7"]
[EventCountry "NOR"]
[SourceTitle "EXT 2024"]
[Source "ChessBase"]
[SourceDate "2023.10.10"]
[SourceVersion "1"]
[SourceVersionDate "2023.10.10"]
[SourceQuality "1"]

1. d4 Nf6 2. c4 g6 3. g3 Bg7 4. Bg2 0-0 5. Nc3 d6 6. Nf3 Nbd7 7. 0-0 e5 8. e4 exd4 9. Nxd4 Nb6 10. b3 Re8 11. Rb1 Bg4 12. f3 Bd7 13. Bb2 Qc8 14. Re1 a5 15. Ndb5 Bc6 16. Ne2 a4 17. Bd4 axb3 18. axb3 Bxb5 19. cxb5 Nbd7 20. Qc2 Qb8 21. Rec1 Rc8 22. Bh3 c5 23. bxc6 Rxc6 24. Qb2 Ne5 25. Bxe5 dxe5 26. Ra1 Rxa1 27. Qxa1 Bf8 28. Rxc6 bxc6 29. Qd1 Qa7+ 30. Kh1 Kg7 31. Nc1 Qe3 32. Nd3 Qd4 33. Bf1 Bc5 34. Be2 Bb6 35. Nc1 1/2-1/2